TOP 100 beste voetballers 2024 - Statistieken

Algemene statistieken
  • Deze quiz is 757 keer genomen
  • De gemiddelde score is 36 van 100
Antwoordstatistieken
Number Club Antwoord % Correct
85 Tottenham Hotspur Mickey van de Ven
95%
3 Manchester City Erling Haaland
94%
1 Manchester City Rodri
87%
5 Real Madrid Kylian Mbappe
86%
7 Liverpool Mohamed Salah
85%
2 Real Madrid Vinicius Junior
83%
6 Bayern Munchen Harry Kane
79%
4 Real Madrid Jude Bellingham
78%
10 Manchester City Kevin de Bruyne
77%
15 Liverpool Virgil van Dijk
77%
44 Inter Miami Lionel Messi
76%
12 Barcelona Lamine Yamal
75%
13 Arsenal Bukayo Saka
70%
34 Real Madrid Thibaut Courtois
64%
23 Real Madrid Rodrygo
60%
22 Bayer Leverkusen Florian Wirtz
55%
9 Bayern Munchen Jamal Musiala
55%
100 Real Madrid Luka Modric
55%
17 Manchester Ciy Phil Foden
54%
27 Arsenal Martin Odegaard
53%
48 Internazionale Lautaro Martinez
52%
42 Barcelona Pedri
52%
8 Arsenal William Saliba
52%
20 Real Madrid Antonio Rudiger
51%
28 Barcelona Robert Lewandowski
51%
38 Manchester City Ederson
50%
18 Chelsea Cole Palmer
49%
94 Aston Villa Emiliano Martinez
49%
65 PSG Ousame Dembele
48%
91 Tottenham Hotspur Son Heung-Min
48%
54 Newcastle United Alexander Isak
45%
14 Real Madrid Federico Valverde
45%
25 Athletic Club Bilbao Nico Williams
45%
33 Bayern Munchen Joshua Kimmich
43%
55 Bayern Munchen Manuel Neuer
43%
19 Arsenal Declan Rice
42%
24 Bayer Leverkusen Jeremie Frimpong
42%
11 Liverpool Trent Alexander-Arnold
42%
16 Liverpool Alisson
40%
26 AC Milan Rafael Leao
40%
39 Liverpool Luis Diaz
39%
87 Barcelona Gavi
38%
51 Manchester City Ruben Dias
38%
21 Manchester City Bernardo Silva
36%
69 Arsenal Gabriel
35%
49 PSG Gianluigi Donnarumma
35%
63 Bayern Munchen Leroy Sane
34%
36 Real Madrid Eduardo Camavinga
29%
60 Manchester United Bruno Fernandes
28%
62 Manchester City Kyle Walker
28%
37 Atletico Madrid Antoine Griezmann
27%
74 Arsenal Gabriel Martinelli
27%
96 Athletic Club Bilbao Unai Simon
27%
67 Real Madrid Eder Militao
26%
57 Manchester City Jeremy Doku
26%
50 Manchester City John Stones
26%
35 Bayer Leverkusen Alex Grimaldo
24%
43 Liverpool Alexis Mac Allister
24%
32 PSG Achraf Hakimi
23%
53 Arsenal David Raya
23%
68 Internazionale Denzel Dumfries
23%
79 PSG Vitinha
23%
77 Arsenal Kai Havertz
22%
86 Feyenoord Santiago Gimenez
22%
56 Galatasaray Victor Osimhen
22%
71 Sporting CP Viktor Gyokeres
22%
40 Bayern Munchen Michael Olise
21%
82 RB Leipzig Xavi Simons
21%
70 Liverpool Andrew Robertson
20%
31 Manchester City Josko Gvardiol
20%
52 Real Madrid Aurelien Tchouameni
19%
98 Real Madrid David Alaba
19%
45 Real Madrid Ferland Mendy
19%
80 Aston Villa Ollie Watkins
19%
29 Manchester City Ilkay Gundogan
18%
41 Bayern Munchen Alphonso Davies
17%
89 Newcastle United Anthony Gordon
17%
93 PSV Joey Veerman
17%
59 Bayer Leverkusen Granit Xhaka
16%
92 Atletico Madrid Jan Oblak
16%
76 Bayern Munchen Kingsley Coman
16%
78 PSG Marquinhos
16%
97 Internazionale Alessandro Bastoni
15%
81 Arsenal Jurrien Timber
15%
84 PSV Jerdy Schouten
14%
90 Barcelona Alejandro Balde
13%
99 PSG Joao Neves
12%
75 Barcelona Dani Olmo
11%
88 Internazionale Federico Dimarco
11%
66 AC Milan Mike Maignan
11%
72 Arsenal Ben White
8%
47 Newcastle United Bruno Guimaraes
8%
58 Internazionale Hakan Calhanoglu
6%
95 Al-Hilal Joao Cancelo
6%
73 Real Sociedad Martin Zubimendi
6%
61 PSG Warren Zaire-Emery
4%
30 Napoli Khvicha Kvaratshkelia
3%
64 Tottenham Hotspur Pedro Porro
3%
83 Valencia Giorgio Mamardashvili
2%
46 Bayern Munchen Joao Palhinha
1%
Geen overeenkomende quizzen gevonden
Scoreverdeling
Procent van Mensen met Elke Score
Percentiel versus Aantal Correcte Antwoorden
Uw Scoregeschiedenis
U heeft deze quiz nog niet genomen